Vestiti, Fred! /

-д хадгалсан:
Номзүйн дэлгэрэнгүй
Үндсэн зохиолч: Brown, Peter, (1979- )
Бусад зохиолчид: Pedata, Miriam (Орчуулагч)
Формат: Ном
Хэл сонгох:итали
Хэвлэсэн: Torino : Giralangolo, 2024
Цуврал:Sottosopra
Шошгууд: Шошго нэмэх
Шошго байхгүй, Энэхүү баримтыг шошголох эхний хүн болох!

MARC

LEADER 00000nam a22000007i 4500
001 IT\ICCU\BMC\0010226
003 ItRI
005 20260115232117.0
008 241126s2024 it |||||| ||||| |||||c
020 |a 9788859290568 
040 |b ita  |c importazione bologna sebina 
041 7 |a ita  |2 ISO-639-2 
082 |a 813.6  |9 Narrativa americana in lingua inglese. 2000-  |2 22 
100 1 |a Brown, Peter,  |d  (1979- )  |0 IT\ICCU\PARV\569401 
240 1 0 |a Fred gets dressed  |3 IT\ICCU\BMC\0010225  |9 Brown, Peter <1979- > 
245 1 0 |a Vestiti, Fred! /  |c Peter Brown ; [traduzione dall'inglese di Miriam Pedata]. 
260 |a Torino :  |b Giralangolo,  |c 2024 
300 |a 1 volume (senza paginazione) :  |b ill. ;  |c 29 cm 
700 1 |a Pedata, Miriam  |0 IT\ICCU\RE2V\000222  |4 trl 
830 0 |a Sottosopra  |0 IT\ICCU\LUA\0530335 
942 |2 ddc  |c BK  |n 0 
952 |0 0  |1 0  |4 0  |6 R_813_600000000000000_BRO  |7 0  |9 20238  |a BO  |b BO  |d 2026-01-15  |i 20739  |l 0  |o R 813.6 BRO  |p BO20739  |r 2026-01-15 23:21:18  |w 2026-01-15  |x [Sebina 5] [1 v.]  |y BK  |z 1 v. 
999 |c 17266  |d 17266